Paesi a riconoscimento limitato - Statistics

Statistiche generali
  • Questo quiz è stato fatto 91 volte
  • Il punteggio medio è 11 su 16
Statistiche sulle risposte
con Immagini Risposta % Corretto
Kosovo
93%
Cina
88%
Israele
88%
Corea del Nord
87%
Palestina
85%
Cipro
82%
Corea del Sud
82%
Somaliland
75%
Cipro del Nord
73%
Taiwan
67%
Armenia
58%
Abcasia
51%
Nagorno Karabakh
51%
Transnistria
51%
Sahara Occidentale
49%
Ossezia meridionale
13%
Nessun quiz corrispondente trovato
Distribuzione punteggi
Percentuale di utenti per punteggio
Percentile per numero di risposta
I tuoi punteggi nel tempo
Non hai fatto questo quiz